zpět

Detail výsledku týmu

Bowling bar, Bechyně

Datum a čas kvízu

23 Celkem bodů Celkový počet nahraných bodů na tomto kvízu bez doplňovacích otázek.
7. Pořadí na kvízu Konečné umístění týmu na tomto kvízu.

Zaznamenané odpovědi

# Otázka Odpověď Body Výsledky
1. Zvolený prezident Petr Pavel z... 58,32 % 0
2. Novým premiérem jedné země se... Nový Zéland 0
3. Americká Akademie filmového um... B) Všechno, všude, najednou 0
4. Minulý týden se k planetě Zemi... Neandertálská kometa 0
5. Barbora Krejčíková a Kateřina... 7. titul (6. a 8. za půl bodu) 0
6. Toto jsou tři podoby jednoho z... Carlos, Šakal 0
7. Koncem 70. let vznikla ve Velk... Sex Pistols 0
8. Pod kterou přezdívkou je znám... Yzomandias 0
9. Přezdívky mají i státy USA. Do... 1C 2A 3B 4D 1
10. I mnozí sportovci si dávají př... Kaká 1